Money matters (Record no. 76841)
[ view plain ]
| 000 -LEADER | |
|---|---|
| fixed length control field | 00459 a2200169 4500 |
| 005 - DATE AND TIME OF LATEST TRANSACTION | |
| control field | 20131126102437.0 |
| 008 - FIXED-LENGTH DATA ELEMENTS--GENERAL INFORMATION | |
| fixed length control field | 131126b xxu||||| |||| 00| 0 eng d |
| 020 ## - INTERNATIONAL STANDARD BOOK NUMBER | |
| International Standard Book Number | 9788132105329 |
| 080 ## - UNIVERSAL DECIMAL CLASSIFICATION NUMBER | |
| Universal Decimal Classification number | 330.101.541 |
| Item number | IYE |
| 100 ## - MAIN ENTRY--PERSONAL NAME | |
| Personal name | Iyengar, Murali |
| 245 ## - TITLE STATEMENT | |
| Title | Money matters |
| Remainder of title | macroeconomics and financial markets |
| 260 ## - PUBLICATION, DISTRIBUTION, ETC. (IMPRINT) | |
| Name of publisher, distributor, etc | Sage |
| Date of publication, distribution, etc | 2011 |
| Place of publication, distribution, etc | Los Angeles |
| 300 ## - PHYSICAL DESCRIPTION | |
| Extent | xxiv, 177p. |
| 653 ## - INDEX TERM--UNCONTROLLED | |
| Uncontrolled term | Macro economics |
| 653 ## - INDEX TERM--UNCONTROLLED | |
| Uncontrolled term | Economic policy - India |
| 942 ## - ADDED ENTRY ELEMENTS (KOHA) | |
| item type | Books |
| Lost status | Source of classification or shelving scheme | Not for loan | Home library | Current library | Date acquired | Cost, normal purchase price | Total Checkouts | Full call number | Barcode | Date last seen | Cost, replacement price | Price effective from | Koha item type |
|---|---|---|---|---|---|---|---|---|---|---|---|---|---|
| Universal Decimal Classification | University Library | University Library | 12/02/2013 | 0.00 | 330.101.541 IYE | 00069050 | 12/02/2013 | 0.00 | 12/02/2013 | Books |
